| 000 | 00000nam##2200000za#4500 |
| 001 | 9.643463 |
| 003 | CaOODSP |
| 005 | 20210624224200 |
| 007 | cr ||||||||||| |
| 008 | 150407|1980||||xxc|||||o f|0| 0 fre|d |
| 040 | |aCaOODSP|bfre |
| 043 | |an-cn--- |
| 086 | 1 |aA53-1122/1980F-PDF |
| 110 | 1 |aCanada.|bAgriculture Canada. |bDirection générale de recherche. |
| 245 | 10|aFétuque rouge traçante / |h[ressource électronique]|c[par] C.R. Elliott et H. Baenziger. |
| 250 | |aPublication historique numérisée par Agriculture et Agroalimentaire Canada. |
| 260 | |aOttawa - Ontario : |bAgriculture Canada. |c1965, révision 1980. |
| 300 | |a24p.|btableaux, photographies |
| 590 | |a15-01-Supp|b2015-01-26 |
| 691 | 07|aPâturage|2gcpds |
| 856 | 40|ahttp://publications.gc.ca|qPDF|s1.5 Mo|uhttps://publications.gc.ca/collections/collection_2014/aac-aafc/agrhist/A53-1122-1980-fra.pdf |
| 986 | |a1122 |